000 00998nam a2200253 a 4500
001 000046846
005 20211111112209.0
008 180403s2016 dr 001 0 spa d
020 _a9789945423389
040 _aDO-SdBNP
_bspa
_cBNPHU
082 _a928
_bC527p
100 1 _aChevalier, Nan,
_d1965-
_9350
245 1 0 _aPasión analítica :
_bapuntes sobre escritores dominicanos e hispanoamericanos /
_cNan Chevalier ; presentación Frank D´oleo.
260 _aSanto Domingo, :
_bAPEC,
_c2016.
500 _aIncluye datos biografícos del autor en las solapas.
500 _aIncluye índice onomástico
504 _aIncluye bibliografías a pie de página
504 _aBibliográfias p: 421-426
590 _aInventariado, 2018/ YL
650 4 _aLiteratura dominicana
_xCrítica e interpretación
_9216
650 4 _aLiteratura hispanoamericana
_xCrítica e interpretación
_9218
640 4 _aPERSONAJES EN LA LITERATURA
_xCRÍTICA E INTERPRETACIÓN
700 1 _aD´oleo, Frank
_epres.
_97
999 _c46335
_d46335